| 000 | 00501nam a2200181Ia 4500 | ||
|---|---|---|---|
| 005 | 20250525150719.0 | ||
| 008 | 250327s9999 xx 000 0 und d | ||
| 020 |
_a9789386021915 _qpbk |
||
| 041 | _aeng | ||
| 082 |
_a306.7 _bANA |
||
| 100 | _aAnand, Seema | ||
| 245 | 4 |
_aThe art of seduction (hb) _c/Seema Anand |
|
| 250 | _a1 ed. | ||
| 260 |
_bAleph book company _c2018 _aNew Delhi |
||
| 300 |
_a188 p. _c19 cm. |
||
| 650 | _aArt of perfuming; Secret language of lovers | ||
| 942 | _cENGLISH | ||
| 999 |
_c570434 _d570434 |
||